Swiss Political Parties - Statistics

General Stats
  • This quiz has been taken 95 times
  • The average score is 6 of 10
Answer Stats
Ideology Position Seats Answer % Correct
National Conservatism Right wing 68 Swiss People's
95%
Social Democracy Centre left 50 Social Democratic
93%
Classical Liberalism Centre to centre right 39 FDP The Liberals
90%
_________ Politics Centre left to left wing 26 Green
68%
________ Liberalism Centre 11 Green Liberalism
41%
Christian Democracy Centre to centre right 44 The Centre
41%
Ticino Regionalism Right wing 1 Ticino League
40%
Christian Democracy Centre 2 Evangelical People's
34%
Geneva Regionalism Right wing 3 Geneva Citizens' Movement
30%
Populism Right wing 2 Federal Democratic Union
27%
No matching quizzes found
Score Distribution
Percent of People with Each Score
Percentile by Number Answered
Your Score History
You have not taken this quiz